MARC

LEADER 00000nam0a2200000 4500
001 253415
005 20231101232836.0
010 |a 5282002388 
020 |a RU  |b 89-47234 
035 |a (RuTPU)RU\TPU\book\275803 
090 |a 253415 
100 |a 20140313d1989 k a0rusy5003 ca 
101 0 |a rus 
102 |a RU 
105 |a y z 001zy 
200 1 |a Экономические дискуссии 20-х годов  |f В. Е. Маневич 
210 |a Москва  |c Экономика  |d 1989 
215 |a 140 с. 
606 1 |a Экономические учения  |x в России  |2 stltpush  |3 (RuTPU)RU\TPU\subj\26613  |9 50503 
610 1 |a СССР 
610 1 |a история 
610 1 |a экономическая наука 
610 1 |a становление 
610 1 |a крестьянское хозяйство 
610 1 |a планирование 
610 1 |a ценообразование 
686 |a У02(2)  |2 rubbk 
700 1 |a Маневич  |b В. Е.  |g Виталий Ефимович 
801 0 |a RU  |b RuMRKP  |c 19950417  |g psbo 
801 1 |a RU  |b 63413507  |c 20140313 
801 2 |a RU  |b 63413507  |c 20200716  |g RCR 
942 |c BK